000 00652nam a22001937a 4500
999 _c188407
_d188407
005 20220520151011.0
010 _aENG-132749
020 _a9788193216880
_c150.00
035 _aEN-116281
037 _bDBAD/PUB
082 _2658.31124
100 _aRaju, C.S.
245 _a100 Placement Tips:
_bWith 100 Questions and Answers/
_cC.S. Raju and M.S. Raja Rajeshwari
260 _aChennai
_bCoral
_c2016
270 _a#8, 6th Cross, 8th Main Road, Vaishnavi Nagar, Thirumullaivoyal
_bChennai
_e600109
_mcoralbooks2016@gmail.com
300 _a176p.
_c21cm(pbk)
700 _aRajeshwari, M.S. Raja
942 _2ddc
_cEN
_h658.31124
_mRAJ